Kaizen una herramienta competitiva. / Nallely Mena Bahena (Registro nro. 24821)
[ vista simple ]
| 000 -LÍDER | |
|---|---|
| fixed length control field | 00391nam a2200121 4500 |
| 050 ## - SIGNATURA TOPOGRAFICA DE LA BIBLIOTECA DEL CONGRESO (LC) | |
| Número de Clasificación | T56.42 M6 M4 2009 |
| 082 ## - NUMERO DE CLASIFICACION DECIMAL DEWEY | |
| Número de Clasificación | 658.42 M4k |
| 100 ## - ASIENTO PRINCIPAL--NOMBRE PERSONAL | |
| Nombre personal | Mena Bahena, Nallely |
| 245 ## - TÍTULO | |
| Título | Kaizen una herramienta competitiva. / Nallely Mena Bahena |
| 300 ## - DESCRIPCIÓN FÍSICA | |
| Extensión | 84 p. / 30 cm. |
| 502 ## - NOTA DE TESIS | |
| Nota de tesis | Monografía. Opción v. I.T.Z. (Industrial) Ing. Celerino Alonso García |
| 650 ## - ASIENTO SECUNDARIO DE MATERIA - TERMINO TEMÁTICO | |
| Término temático o nombre geográfico como elemento de entrada | 1. KAISEN (MEJORA CONTINUA) |
| No. biblioteca | No. biblioteca | Número de clasificación | Código de barras/Número de adquisición | Número de copia | Tipo de material |
|---|---|---|---|---|---|
| LUIS G. INCLAN | LUIS G. INCLAN | 658.42 M4k | I201-2009 | 1 | Libros |
